A integraçao estratégica do design nos processos de inovaçao radical: indústrias emergentes versus industrias tradicionais (Record no. 601278)

000 -CABECERA
Campo de control de longitud fija 00593nab a2200157Ia 4500
003 - IDENTIFICADOR DEL NÚMERO DE CONTROL
Campo de control ES-SlBCS
005 - FECHA Y HORA DE LA ÚLTIMA TRANSACCIÓN
Campo de control 20210601133732.0
008 - CÓDIGOS DE INFORMACIÓN DE LONGITUD FIJA
Campo de control de longitud fija 140529s2006 xxu||||| |||| 00| 0 por d
041 ## - CÓDIGO DE LENGUA
Código de lengua del texto/banda sonora o título independiente por
100 1# - PUNTO DE ACCESO PRINCIPAL-NOMBRE DE PERSONA
Nombre de persona Sousa, António Joao de
9 (RLIN) 208879
245 02 - MENCIÓN DE TÍTULO
Título A integraçao estratégica do design nos processos de inovaçao radical: indústrias emergentes versus industrias tradicionais
Mención de responsabilidad, etc. António Joao de Sousa, Américo Mateus
650 04 - PUNTO DE ACCESO ADICIONAL DE MATERIA-TÉRMINO DE MATERIA
Término de materia o nombre geográfico como elemento inicial Industria Emergente
9 (RLIN) 208909
700 1# - PUNTO DE ACCESO ADICIONAL-NOMBRE DE PERSONA
Nombre de persona Mateus, Américo
9 (RLIN) 208910
773 0# - ENLACE AL DOCUMENTO FUENTE
Título Economia e Sociologia
Parte(s) relacionada(s) nº. 81, 2006, págs. 15-36
Número de control del registro relacionado Rev1533
942 ## - ENTRADA DE ELEMENTOS AGREGADOS (KOHA)
Koha [por defecto] tipo de item Artículos de revista
Holdings
Suprimido Perdido Estropeado No para préstamo Localización permanente Localización actual Localización en estantería Fecha adquisición Préstamos totales Fecha última consulta Fecha del precio de reemplazo Tipo de item de Koha
        San Esteban San Esteban Depósito de revistas 11/07/2014   11/07/2014 11/07/2014 Artículos de revista

Bibliotecas Dominicos Provincia Hispania, 2016

Con tecnología Koha